000 00195nam a2200085Ia 4500
008 120527s9999 xx 000 0 und d
100 _aPope, G. Harrison
245 _aPsychology Astray
942 _cBK
999 _c27624
_d27624